| Record ID | marc_records_scriblio_net/part24.dat:187501017:767 |
| Source | Scriblio |
| Download Link | /show-records/marc_records_scriblio_net/part24.dat:187501017:767?format=raw |
LEADER: 00767cam 2200193 a 4500
001 94833526
003 DLC
005 20021207184812.0
008 950126s1994 bl 000 1 por
010 $a 94833526
020 $a8571643814
040 $aDLC$cDLC$dDLC
042 $alcode
050 00 $aPQ9698.24.E64$bC5 1994
100 1 $aNepomuceno, Eric,$d1948-
245 10 $aCoisas do mundo :$bcontos /$cEric Nepomuceno.
260 $a[São Paulo, Brazil] :$bCompanhia das Letras,$c1994.
300 $a171 p. ;$c21 cm.
520 1 $a"Hybrid prize-winning collection unites pieces of a crônica nature (i.e., little action and much commentary). Mystery and surprise elements pervade low-key, well-crafted stories"--Handbook of Latin American Studies, v. 58.$uhttp://www.loc.gov/hlas/